[Event "CAN-op"]
[Site "Montreal CAN"]
[Date "1974.07.27"]
[Round "1"]
[White "Brodie, Hugh"]
[Black "Brieger, Robert"]
[Result "0-1"]
[WhiteElo "1800"]
[BlackElo "2000"]
[PlyCount "148"]
[EventDate "1974.07.27"]
[EventType "swiss"]
[EventRounds "11"]
[EventCountry "CAN"]

1. Nc3 d5 2. d4 Bf5 3. f3 Nf6 4. e4 dxe4 5. Be3 e6 6. fxe4 Nxe4 7. Nxe4 Bxe4 8.
Nf3 Nd7 9. Bc4 c6 10. O-O Be7 11. c3 O-O 12. Qb3 Nb6 13. Be2 Nd5 14. Bd2 Qb6
15. Qxb6 Nxb6 16. Ng5 Bg6 17. Rae1 Na4 18. Nf3 Bf6 19. b3 Nb6 20. g4 h6 21. h4
Nd7 22. g5 hxg5 23. hxg5 Be7 24. Kg2 Bd6 25. Rh1 Be4 26. Rh4 f5 27. Reh1 Kf7
28. Kf2 Rg8 29. R1h3 Bxf3 30. Bxf3 g6 31. Be2 Rg7 32. Kf3 c5 33. Bf4 Bxf4 34.
Kxf4 cxd4 35. cxd4 Rc8 36. Bb5 Nb6 37. Ke5 a6 38. Be2 Rc6 39. Bf3 Nd7+ 40. Kf4
Rd6 41. Ke3 b5 42. Rh2 e5 43. dxe5 Nxe5 44. Be2 Ke6 45. Rh8 Rc7 46. Re8+ Re7
47. Rxe7+ Kxe7 48. Rh7+ Nf7 49. a4 bxa4 50. bxa4 Kf8 51. Bc4 f4+ 52. Ke4 Nxg5+
53. Ke5 Nxh7 54. Kxd6 a5 55. Ke5 g5 56. Kf5 Kg7 57. Be2 Kh6 58. Bg4 Nf8 59. Kf6
Ng6 60. Kf5 Nh4+ 61. Ke4 Kg6 62. Bd1 Kf6 63. Bg4 Ng2 64. Kf3 Ne3 65. Bd7 Ke5
66. Bc6 g4+ 67. Kf2 Nf5 68. Bb7 Nd6 69. Bc6 Ne4+ 70. Ke2 Kd4 71. Bd7 f3+ 72.
Kf1 Ke3 73. Kg1 g3 74. Bb5 Nc3 0-1

[Event "CAN-op"]
[Site "Montreal CAN"]
[Date "1974.07.28"]
[Round "2"]
[White "Mayer, J."]
[Black "Brodie, Hugh"]
[Result "1/2-1/2"]
[WhiteElo "2150"]
[BlackElo "2150"]
[PlyCount "67"]
[EventDate "1974.07.27"]
[EventType "swiss"]
[EventRounds "11"]
[EventCountry "CAN"]

1. d4 Nf6 2. c4 e5 3. dxe5 Ng4 4. Nf3 Nc6 5. Nc3 Ngxe5 6. e3 Bb4 7. Bd2 d6 8.
Be2 O-O 9. Rc1 Be6 10. Nd5 Bxd2+ 11. Qxd2 Ne7 12. O-O N7g6 13. Nd4 c6 14. Nf4
Qe7 15. Nfxe6 fxe6 16. f4 Nd7 17. f5 exf5 18. Nxf5 Qe5 19. Nxd6 Nc5 20. Qd4 b6
21. b4 Ne6 22. Qxe5 Nxe5 23. Ne4 c5 24. bxc5 Nxc5 25. Nxc5 bxc5 26. Rxf8+ Kxf8
27. Rb1 Rd8 28. Rb2 Rd7 29. Kf2 Ke7 30. Ke1 Ke6 31. Rb5 Kd6 32. Rb2 Ke6 33. Rb5
Kd6 34. Rb2 1/2-1/2

[Event "CAN-op"]
[Site "Montreal CAN"]
[Date "1974.07.28"]
[Round "3"]
[White "Smith, Mike"]
[Black "Brodie, Hugh"]
[Result "0-1"]
[WhiteElo "1500"]
[BlackElo "1800"]
[PlyCount "36"]
[EventDate "1974.07.27"]
[EventType "swiss"]
[EventRounds "11"]
[EventCountry "CAN"]

1. Nf3 d6 2. d4 g6 3. g3 Bg7 4. Bg2 f5 5. O-O Nc6 6. d5 Ne5 7. Nc3 e6 8. Ng5
exd5 9. Bxd5 Nh6 10. f4 Nef7 11. Nxf7 Nxf7 12. e4 c6 13. exf5 cxd5 14. fxg6
Qb6+ 15. Kh1 hxg6 16. Re1+ Kf8 17. Nxd5 Qf2 18. h4 Qxg3 0-1

[Event "CAN-op"]
[Site "Montreal CAN"]
[Date "1974.07.29"]
[Round "4"]
[White "Brodie, Hugh"]
[Black "Gutierrez, Manuel"]
[Result "1-0"]
[WhiteElo "1800"]
[BlackElo "1550"]
[PlyCount "77"]
[EventDate "1974.07.27"]
[EventType "swiss"]
[EventRounds "11"]
[EventCountry "CAN"]

1. Nc3 e6 2. e4 Nf6 3. d4 b6 4. Bd3 Bb7 5. Nf3 Be7 6. O-O d6 7. Ne1 e5 8. d5
O-O 9. Ne2 Nbd7 10. c4 Nc5 11. Ng3 Nxd3 12. Qxd3 Bc8 13. f4 h6 14. fxe5 dxe5
15. Nf5 Bc5+ 16. Kh1 Bxf5 17. Rxf5 Ng4 18. Qg3 Nf2+ 19. Rxf2 Bxf2 20. Qxf2 Qd7
21. Qg3 Kh7 22. Nf3 Qe7 23. Bd2 Rg8 24. Rf1 Raf8 25. Qh3 g5 26. Nxg5+ Rxg5 27.
Bxg5 Qxg5 28. Qf5+ Qxf5 29. Rxf5 f6 30. b4 Kg6 31. Kg1 Rg8 32. Kf2 Kf7 33. g3
Rg5 34. Rxg5 hxg5 35. Kf3 Kg6 36. c5 Kf7 37. Kg4 Kg6 38. d6 cxd6 39. c6 1-0

[Event "CAN-op"]
[Site "Montreal CAN"]
[Date "1974.07.30"]
[Round "5"]
[White "Poliquin, Francois"]
[Black "Brodie, Hugh"]
[Result "1-0"]
[WhiteElo "1980"]
[BlackElo "1800"]
[PlyCount "78"]
[EventDate "1974.07.27"]
[EventType "swiss"]
[EventRounds "11"]
[EventCountry "CAN"]

1. e4 c5 2. Nf3 Nc6 3. d4 cxd4 4. Nxd4 g6 5. c4 Qb6 6. Nb3 Bg7 7. Be3 Qc7 8.
Nc3 Nf6 9. Be2 d6 10. O-O O-O 11. Qd2 Ne5 12. Nb5 Qd8 13. f3 Be6 14. Rac1 a6
15. N5d4 Rc8 16. Nxe6 fxe6 17. Rfd1 Qd7 18. f4 Nf7 19. e5 Ne8 20. Bg4 Nh6 21.
Bf3 Nf5 22. Nc5 Rxc5 23. Bxc5 Qc7 24. Bf2 dxe5 25. fxe5 Bxe5 26. h3 Bf4 27. Qe2
Bxc1 28. Qxe6+ Kh8 29. Rxc1 Neg7 30. Qe4 b5 31. Qc6 Qf4 32. cxb5 axb5 33. Qc3
e5 34. Re1 Nd4 35. Bxd4 Qxd4+ 36. Qxd4 exd4 37. Re5 Rb8 38. Rd5 Ne6 39. Bg4 Rd8
1-0

[Event "CAN-op"]
[Site "Montreal CAN"]
[Date "1974.07.31"]
[Round "6"]
[White "Brodie, Hugh"]
[Black "Olheiser, Gordon"]
[Result "1-0"]
[WhiteElo "1800"]
[BlackElo "1550"]
[PlyCount "27"]
[EventDate "1974.07.27"]
[EventType "swiss"]
[EventRounds "11"]
[EventCountry "CAN"]

1. Nc3 g6 2. e4 Bg7 3. f4 d6 4. Nf3 c5 5. d4 Qa5 6. Be3 Nf6 7. Qd2 cxd4 8. Nxd4
a6 9. Be2 Nc6 10. Nb3 Qc7 11. O-O Ng4 12. Nd5 Qd8 13. Bb6 Qd7 14. Bxg4 1-0

[Event "CAN-op"]
[Site "Montreal CAN"]
[Date "1974.08.01"]
[Round "7"]
[White "Robinson, Gary"]
[Black "Brodie, Hugh"]
[Result "0-1"]
[WhiteElo "1600"]
[BlackElo "1800"]
[PlyCount "40"]
[EventDate "1974.07.27"]
[EventType "swiss"]
[EventRounds "11"]
[EventCountry "CAN"]

1. d4 Nf6 2. c4 e5 3. d5 Bc5 4. e3 O-O 5. Nc3 d6 6. Nf3 Bg4 7. Be2 Nbd7 8. O-O
Ne8 9. e4 Bxf3 10. Bxf3 f5 11. exf5 Rxf5 12. Ne4 h6 13. Qd3 Rf8 14. Be3 Bxe3
15. Qxe3 Nef6 16. h3 Nxe4 17. Bxe4 Qh4 18. Rae1 Nc5 19. b4 Nxe4 20. Qxe4 Rf4
0-1

[Event "CAN-op"]
[Site "Montreal CAN"]
[Date "1974.08.02"]
[Round "8"]
[White "Brodie, Hugh"]
[Black "Ledain, Dudley"]
[Result "1-0"]
[WhiteElo "1800"]
[BlackElo "1960"]
[PlyCount "65"]
[EventDate "1974.07.27"]
[EventType "swiss"]
[EventRounds "11"]
[EventCountry "CAN"]

1. Nc3 d5 2. d4 Nf6 3. e4 dxe4 4. f3 e3 5. Bxe3 Bf5 6. Bc4 e6 7. Nge2 Nbd7 8.
O-O Nb6 9. Bb3 Be7 10. Ng3 Bg6 11. f4 a5 12. a3 a4 13. Ba2 Nbd5 14. Bd2 Qd7 15.
Qf3 c6 16. f5 exf5 17. Nxf5 Bxf5 18. Qxf5 Qxf5 19. Rxf5 Nxc3 20. Bxc3 O-O 21.
Raf1 b5 22. h3 b4 23. Bxb4 Bxb4 24. axb4 a3 25. bxa3 Rxa3 26. Bb3 Rb8 27. Ra5
Rxa5 28. bxa5 Rb4 29. Rd1 Nd5 30. a6 Rb8 31. Bxd5 cxd5 32. a7 Ra8 33. Rb1 1-0

[Event "CAN-op"]
[Site "Montreal CAN"]
[Date "1974.08.03"]
[Round "9"]
[White "Brodie, Hugh"]
[Black "Nash, Edmund"]
[Result "0-1"]
[WhiteElo "1800"]
[BlackElo "2000"]
[PlyCount "95"]
[EventDate "1974.07.27"]
[EventType "swiss"]
[EventRounds "11"]
[EventCountry "CAN"]

1. Nc3 c5 2. e4 Nc6 3. g3 g6 4. Bg2 Bg7 5. d3 e6 6. f4 Nge7 7. Nf3 Rb8 8. Be3
d6 9. Qd2 b5 10. a3 O-O 11. O-O Nd4 12. g4 f5 13. gxf5 exf5 14. Qf2 Nec6 15.
Rae1 fxe4 16. dxe4 Nxf3+ 17. Bxf3 Nd4 18. Bg2 a5 19. Kh1 b4 20. axb4 axb4 21.
Nd1 Ba6 22. Rg1 b3 23. cxb3 Rxb3 24. Bf1 Bxf1 25. Qxf1 Qe7 26. Qc4+ Qf7 27.
Qxf7+ Rxf7 28. Rg2 Re7 29. f5 gxf5 30. Bf4 Re6 31. Reg1 Rb7 32. exf5 Nxf5 33.
Nc3 Nh4 34. Rg3 Ng6 35. Bc1 Bd4 36. Rf1 Kg7 37. Rh3 Kh8 38. Rhf3 Kg7 39. Rh3
Rf6 40. Bh6+ Kf7 41. Rxf6+ Kxf6 42. Bc1 Ke6 43. Kg2 Rf7 44. Ne4 Nf4+ 45. Bxf4
Rxf4 46. Ng5+ Kf5 47. Nxh7 Kg6 48. Kg3 0-1

[Event "CAN-op"]
[Site "Montreal CAN"]
[Date "1974.08.04"]
[Round "10"]
[White "Jackson, Edward S"]
[Black "Brodie, Hugh"]
[Result "1-0"]
[WhiteElo "2000"]
[BlackElo "1800"]
[PlyCount "79"]
[EventDate "1974.07.27"]
[EventType "swiss"]
[EventRounds "11"]
[EventCountry "CAN"]

1. e4 c5 2. Nf3 Nc6 3. Bb5 g6 4. O-O Bg7 5. c3 Nf6 6. Re1 O-O 7. d3 d6 8. Nbd2
Bd7 9. a4 Qc7 10. Nf1 a6 11. Bxc6 Bxc6 12. Bg5 h6 13. Be3 Ng4 14. Bf4 b5 15. a5
Rab8 16. h3 Nf6 17. Ng3 Nd7 18. d4 e5 19. Be3 Kh7 20. d5 Bb7 21. b4 c4 22. Qd2
f5 23. exf5 gxf5 24. Nxf5 Rf6 25. N3h4 Rbf8 26. Qc2 Kg8 27. Nxg7 Kxg7 28. Qe4
Qd8 29. Rad1 Qe8 30. g4 h5 31. Nf5+ Kh8 32. Kf1 hxg4 33. hxg4 R8f7 34. Ke2 Rh7
35. Rh1 Nf8 36. Rxh7+ Nxh7 37. Rh1 Qf7 38. Rd1 Rg6 39. f3 Bc8 40. Ne7 1-0

[Event "CAN-op"]
[Site "Montreal CAN"]
[Date "1974.08.05"]
[Round "11"]
[White "Schonhaut, Steve"]
[Black "Brodie, Hugh"]
[Result "1-0"]
[WhiteElo "2050"]
[BlackElo "1800"]
[PlyCount "138"]
[EventDate "1974.07.27"]
[EventType "swiss"]
[EventRounds "11"]
[EventCountry "CAN"]

1. e4 c5 2. Nf3 Nc6 3. d4 cxd4 4. Nxd4 g6 5. Nc3 Bg7 6. Be3 Nf6 7. Nxc6 bxc6 8.
e5 Ng8 9. Bd4 Qa5 10. e6 Nf6 11. exd7+ Bxd7 12. Bc4 O-O 13. O-O Qc7 14. Re1
Rfe8 15. Be5 Qc8 16. Qf3 Bg4 17. Qe3 Bf5 18. Qe2 a5 19. Na4 Qb7 20. Nc5 Qb6 21.
Nd3 Bxd3 22. Qxd3 Rad8 23. Qf3 Nd5 24. Bxg7 Kxg7 25. Bb3 e6 26. Rad1 Ne7 27. g3
Rxd1 28. Rxd1 Rd8 29. Rxd8 Qxd8 30. Qc3+ Kg8 31. Qf6 Qd1+ 32. Kg2 Nf5 33. Ba4
Qe2 34. Qd8+ Kg7 35. Qd3 Qe5 36. Bxc6 Qxb2 37. a4 Nd4 38. Be4 f5 39. c3 Ne2 40.
Qd7+ Kf6 41. Qd8+ Kf7 42. Bf3 Nxc3 43. Qxa5 g5 44. Qc7+ Kf6 45. a5 g4 46. Bc6
Qe2 47. Qxh7 Nd1 48. Qh6+ Kf7 49. Qf4 Qa6 50. Qc7+ Kf6 51. Qb6 Ne3+ 52. Qxe3
Qxc6+ 53. Kg1 Qa4 54. Qh6+ Kf7 55. Qh7+ Kf6 56. Qh8+ Kf7 57. Qa8 Qd1+ 58. Kg2
e5 59. a6 e4 60. Qa7+ Ke6 61. Qe3 Qd5 62. a7 Kd7 63. h4 gxh3+ 64. Kxh3 Qd1 65.
Kg2 Qd5 66. Kh2 Kc8 67. Qa3 Qa8 68. Qf8+ Kb7 69. Qxa8+ Kxa8 1-0

[Event "Toronto Amateur"]
[Site "Toronto CAN"]
[Date "1974.06.29"]
[Round "1"]
[White "Brodie, Hugh"]
[Black "Adair, R."]
[Result "1-0"]
[WhiteElo "1800"]
[BlackElo "1600"]
[PlyCount "91"]
[EventDate "1974.06.29"]
[EventType "swiss"]
[EventRounds "6"]
[EventCountry "CAN"]

1. Nc3 e5 2. e4 Nf6 3. f4 d6 4. Nf3 Be6 5. fxe5 dxe5 6. Nxe5 Bd6 7. Nf3 c6 8.
e5 Nd5 9. exd6 Qxd6 10. d4 f6 11. Bd3 Nd7 12. O-O O-O-O 13. Nxd5 Bxd5 14. c3 b5
15. Re1 g5 16. Be4 g4 17. Bxd5 Qxd5 18. Nh4 f5 19. Qb3 Rhe8 20. Bf4 Re4 21.
Qxd5 cxd5 22. Rxe4 dxe4 23. Nxf5 Re8 24. Nd6+ Kd8 25. Bg5+ Re7 26. Bxe7+ Kxe7
27. Nxe4 h5 28. Rf1 a6 29. Nc5 Nb8 30. Rf5 h4 31. Rf4 h3 32. Rxg4 hxg2 33. Kxg2
Kf6 34. h4 Nc6 35. h5 Ne7 36. h6 Kf5 37. h7 Kxg4 38. h8=Q Ng6 39. Qg7 Kg5 40.
Nxa6 b4 41. Nxb4 Kh5 42. Nd5 Kg5 43. Kg3 Kh5 44. Nf4+ Nxf4 45. Kxf4 Kh4 46.
Qg4# 1-0

[Event "Toronto Amateur"]
[Site "Toronto CAN"]
[Date "1974.06.29"]
[Round "2"]
[White "Kaminker, Harry"]
[Black "Brodie, Hugh"]
[Result "1-0"]
[WhiteElo "2000"]
[BlackElo "1800"]
[PlyCount "153"]
[EventDate "1974.06.29"]
[EventType "swiss"]
[EventRounds "6"]
[EventCountry "CAN"]

1. e4 c5 2. Nf3 Nc6 3. d4 cxd4 4. Nxd4 g6 5. c4 Qb6 6. Nb5 Bg7 7. N1c3 Nf6 8.
Be2 O-O 9. O-O d6 10. Bg5 Be6 11. Qd2 Rac8 12. Rac1 a6 13. Na3 Ne5 14. b3 Ned7
15. Kh1 Nc5 16. f3 Rfe8 17. Nc2 Qa7 18. Rfd1 Bd7 19. Nb4 Ne6 20. Be3 Qb8 21.
Bb6 Bc6 22. Nbd5 Nd7 23. Be3 Nf6 24. Nb6 Rcd8 25. Ncd5 Bxd5 26. cxd5 Nf8 27.
Rc2 N8d7 28. Rdc1 Nxb6 29. Bxb6 Rc8 30. a4 Nd7 31. Be3 Nc5 32. Bxc5 Rxc5 33.
Rxc5 dxc5 34. Rxc5 Rc8 35. Qc2 Rxc5 36. Qxc5 Qe5 37. Qc8+ Bf8 38. g3 Qb2 39.
Qc4 h5 40. Kg2 Bg7 41. Kh3 Kh7 42. Qd3 Qf6 43. Qd1 Qd6 44. Qc2 Qb6 45. Kg2 Bd4
46. Bc4 Qb4 47. Qd3 Qc3 48. Qxc3 Bxc3 49. Kf2 Kg7 50. Ke2 Kf8 51. Kd3 Bg7 52.
f4 Bb2 53. e5 Ke8 54. Ke4 f6 55. Bf1 fxe5 56. fxe5 Kf7 57. Bh3 b6 58. Be6+ Ke8
59. d6 exd6 60. exd6 g5 61. Kf5 Bc1 62. h4 gxh4 63. gxh4 Bb2 64. Kg6 Kf8 65.
Kxh5 Kg7 66. Kg4 b5 67. Kf5 bxa4 68. bxa4 a5 69. Bc4 Kf8 70. Ke6 Ke8 71. Bb5+
Kd8 72. h5 Bc1 73. Kd5 Kc8 74. Kc6 Bg5 75. d7+ Kd8 76. Kb6 Bd2 77. Bc6 1-0

[Event "Toronto Amateur"]
[Site "Toronto CAN"]
[Date "1974.06.30"]
[Round "3"]
[White "Brodie, Hugh"]
[Black "Roberts, Lawrence"]
[Result "1-0"]
[WhiteElo "1800"]
[BlackElo "1700"]
[PlyCount "69"]
[EventDate "1974.06.29"]
[EventType "swiss"]
[EventRounds "6"]
[EventCountry "CAN"]

1. Nc3 e5 2. e4 Nf6 3. f4 d6 4. Nf3 Nc6 5. Bc4 Be7 6. O-O O-O 7. d3 exf4 8.
Bxf4 Na5 9. Bb3 Nxb3 10. axb3 Bg4 11. Ne2 d5 12. e5 Nd7 13. Qe1 c5 14. Qg3 Bf5
15. Bh6 Bg6 16. Bd2 Re8 17. Nf4 Nf8 18. Nxg6 Nxg6 19. Rae1 Bf8 20. Ng5 Re7 21.
h4 h6 22. Nxf7 Rxf7 23. Qxg6 Qe8 24. Qg3 Qe6 25. Rxf7 Kxf7 26. Rf1+ Ke8 27. Qf3
Be7 28. Qh5+ Kd7 29. Rf7 g6 30. Qf3 Qxe5 31. Bc3 Qe6 32. Bd2 Rd8 33. Qf2 Kc6
34. Qf4 Bd6 35. Qa4+ 1-0

[Event "Toronto Amateur"]
[Site "Toronto CAN"]
[Date "1974.06.30"]
[Round "4"]
[White "Halkusic, T."]
[Black "Brodie, Hugh"]
[Result "1/2-1/2"]
[WhiteElo "1650"]
[BlackElo "1800"]
[PlyCount "132"]
[EventDate "1974.06.29"]
[EventType "swiss"]
[EventRounds "6"]
[EventCountry "CAN"]

1. d4 Nf6 2. c4 e5 3. dxe5 Ng4 4. Bf4 Nc6 5. Nf3 Bb4+ 6. Nbd2 Qe7 7. e3 Ngxe5
8. Nxe5 Nxe5 9. Be2 O-O 10. O-O d6 11. Nf3 Ng6 12. Bg3 Be6 13. a3 Bc5 14. b4
Bb6 15. Nd4 Rad8 16. Nxe6 fxe6 17. Qc2 c6 18. Rad1 Bc7 19. Bg4 Rf6 20. e4 d5
21. Bxc7 Qxc7 22. cxd5 exd5 23. exd5 Rfd6 24. dxc6 Rxc6 25. Rxd8+ Qxd8 26. Qb3+
Kh8 27. Rd1 Qf8 28. Bf3 Rf6 29. Qe3 b6 30. Be2 Rf5 31. f3 Re5 32. Qd2 h6 33.
Re1 Nf4 34. Bc4 Rg5 35. g3 Qf5 36. Bf1 Nh3+ 37. Bxh3 Qxh3 38. Re8+ Kh7 39. Qd3+
Rg6 40. Rh8+ Kxh8 41. Qxg6 Qd7 42. Qc2 Qd4+ 43. Kg2 a5 44. Qc8+ Kh7 45. Qf5+
Kh8 46. Qf8+ Kh7 47. Qf5+ Kh8 48. Qc8+ Kh7 49. Qc2+ Kh8 50. bxa5 bxa5 51. Qc8+
Kh7 52. Qf5+ Kh8 53. Qxa5 Qd1 54. Qa8+ Kh7 55. Qe4+ g6 56. a4 Qd2+ 57. Kh3 Qd7+
58. Kg2 Qd2+ 59. Kh3 Qd7+ 60. g4 Qd1 61. Kg2 Qd2+ 62. Kg1 Qd1+ 63. Kf2 Qd2+ 64.
Kg3 Qd1 65. Qe7+ Kg8 66. Qe6+ Kg7 1/2-1/2

[Event "Toronto Amateur"]
[Site "Toronto CAN"]
[Date "1974.07.01"]
[Round "5"]
[White "Brodie, Hugh"]
[Black "Evans, Ted"]
[Result "1-0"]
[WhiteElo "1800"]
[BlackElo "1800"]
[PlyCount "97"]
[EventDate "1974.06.29"]
[EventType "swiss"]
[EventRounds "6"]
[EventCountry "CAN"]

1. Nc3 d5 2. d4 Nf6 3. e4 Nxe4 4. Nxe4 dxe4 5. f3 e6 6. Be3 Bd6 7. Bc4 O-O 8.
Qe2 exf3 9. Nxf3 Nd7 10. O-O-O Nb6 11. Bd3 Nd5 12. Rdf1 Bf4 13. Bd2 Qe7 14. Kb1
Bxd2 15. Nxd2 c5 16. dxc5 Qxc5 17. Ne4 Qe3 18. Qh5 f5 19. Rf3 Qh6 20. Qxh6 gxh6
21. Nd6 Rd8 22. Nxc8 Raxc8 23. a3 Rf8 24. Re1 Rce8 25. Re5 Kg7 26. Bc4 Kf6 27.
Re2 Nb6 28. Bd3 h5 29. Rh3 Kg5 30. Re1 e5 31. Be2 h4 32. g3 hxg3 33. hxg3 Re7
34. Reh1 f4 35. Rh5+ Kg6 36. Rh6+ Kf5 37. gxf4 exf4 38. Bf3 Rg8 39. Rxh7 Rg1+
40. Ka2 Rgg7 41. R1h5+ Kf6 42. R7h6+ Rg6 43. Rh8 Rgg7 44. R8h6+ Rg6 45. Rh8
Rgg7 46. Rf8+ Ke6 47. Rxf4 Kd6 48. Rd4+ Kc7 49. Rc5+ 1-0

[Event "Toronto Amateur"]
[Site "Toronto CAN"]
[Date "1974.07.01"]
[Round "6"]
[White "Evans, Bill"]
[Black "Brodie, Hugh"]
[Result "0-1"]
[WhiteElo "1850"]
[BlackElo "1800"]
[PlyCount "71"]
[EventDate "1974.06.29"]
[EventType "swiss"]
[EventRounds "6"]
[EventCountry "CAN"]

1. c4 e5 2. Nc3 Nc6 3. g3 d6 4. Bg2 g6 5. Nf3 Bg7 6. O-O f5 7. d3 Nf6 8. Rb1
Be6 9. Bd2 h6 10. b4 Qd7 11. b5 Nd8 12. a4 a6 13. Ne1 axb5 14. axb5 O-O 15. Nc2
f4 16. Nb4 Bh3 17. Nbd5 Bxg2 18. Kxg2 g5 19. Nxf6+ Bxf6 20. f3 Ne6 21. g4 h5
22. h3 hxg4 23. hxg4 Kg7 24. Rh1 Rh8 25. Ra1 Rxh1 26. Qxh1 Rh8 27. Qg1 Kg6 28.
Ne4 Qh7 29. Ra7 Nd4 30. Nc3 Nc2 31. Rxb7 e4 32. Nxe4 Qh3+ 33. Kf2 Bd4+ 34. e3
fxe3+ 35. Ke2 exd2 36. Qg3 0-1

[Event "Toronto op"]
[Site "Toronto CAN"]
[Date "1974.04.12"]
[Round "1"]
[White "Brodie, Hugh"]
[Black "Buchholz, Martin"]
[Result "0-1"]
[WhiteElo "1800"]
[BlackElo "1700"]
[PlyCount "75"]
[EventDate "1974.04.12"]
[EventType "swiss"]
[EventRounds "6"]
[EventCountry "CAN"]

1. f4 g6 2. e4 Bg7 3. d4 d6 4. Nc3 a6 5. Nf3 b5 6. Bd3 Bb7 7. O-O Nd7 8. e5 e6
9. Be3 Ne7 10. Qd2 Nf5 11. Be4 Bxe4 12. Nxe4 d5 13. Nf2 h5 14. Rfe1 Bf8 15. Qd3
c5 16. c3 Be7 17. b3 O-O 18. c4 bxc4 19. bxc4 Nb6 20. cxd5 c4 21. Qc2 exd5 22.
Nd1 Qc7 23. Nc3 Qc6 24. Re2 Rfb8 25. Bf2 Qe6 26. Ng5 Bxg5 27. fxg5 Rb7 28. Na4
Nxa4 29. Qxa4 Rab8 30. Rc1 Rb1 31. Qc2 Qb6 32. h3 Nxd4 33. Bxd4 Qxd4+ 34. Kh1
R1b2 35. e6 Rxc2 36. exf7+ Kf8 37. Rexc2 Rb2 38. Rc3 0-1

[Event "Toronto op"]
[Site "Toronto CAN"]
[Date "1974.04.12"]
[Round "2"]
[White "Lawson, Andrew"]
[Black "Brodie, Hugh"]
[Result "1/2-1/2"]
[WhiteElo "1700"]
[BlackElo "1800"]
[PlyCount "67"]
[EventDate "1974.04.12"]
[EventType "swiss"]
[EventRounds "6"]
[EventCountry "CAN"]

1. d4 Nf6 2. c4 e5 3. d5 Bc5 4. Nc3 d6 5. h3 O-O 6. e4 Nbd7 7. Nf3 Bb4 8. Qc2
Nc5 9. Bd3 Nxd3+ 10. Qxd3 Nh5 11. Bd2 f5 12. O-O-O fxe4 13. Nxe4 Bxd2+ 14.
Nfxd2 Nf4 15. Qf1 Qe8 16. g3 Ng6 17. Qe2 Qa4 18. Kb1 Bf5 19. b3 Qb4 20. Kb2 a5
21. a3 Qb6 22. Ka2 Rad8 23. f3 c6 24. Nc3 Ne7 25. Nde4 Bxe4 26. Nxe4 Nf5 27.
Rhf1 Nd4 28. Qd3 h6 29. Rb1 cxd5 30. cxd5 Rc8 31. Rb2 Rc7 32. Rff2 Rfc8 33.
Rfd2 Rc1 34. Rd1 1/2-1/2

[Event "Toronto op"]
[Site "Toronto CAN"]
[Date "1974.04.13"]
[Round "3"]
[White "Brodie, Hugh"]
[Black "Miller, Ike"]
[Result "1-0"]
[WhiteElo "1800"]
[BlackElo "1700"]
[PlyCount "47"]
[EventDate "1974.04.12"]
[EventType "swiss"]
[EventRounds "6"]
[EventCountry "CAN"]

1. e4 Nf6 2. Nc3 d5 3. e5 d4 4. exf6 dxc3 5. fxg7 cxd2+ 6. Bxd2 Bxg7 7. Qh5
Bxb2 8. Qb5+ Nc6 9. Qxb2 Rg8 10. Ne2 b6 11. Ng3 Qd4 12. Qxd4 Nxd4 13. O-O-O Bb7
14. Be3 Ne6 15. f3 Rd8 16. Bb5+ c6 17. Rxd8+ Kxd8 18. Rd1+ Kc7 19. Bc4 Bc8 20.
Rd2 Nd8 21. Bd3 Rh8 22. Nf5 e6 23. Bf4+ Kb7 24. Nd6+ 1-0

[Event "Toronto op"]
[Site "Toronto CAN"]
[Date "1974.04.14"]
[Round "5"]
[White "Brodie, Hugh"]
[Black "Williams, Marie"]
[Result "1-0"]
[WhiteElo "1800"]
[BlackElo "1600"]
[PlyCount "59"]
[EventDate "1974.04.12"]
[EventType "swiss"]
[EventRounds "6"]
[EventCountry "CAN"]

1. b4 d6 2. Bb2 Nf6 3. e3 g6 4. f4 Bg7 5. Nf3 Bg4 6. h3 Bxf3 7. Qxf3 c6 8. a3
Nbd7 9. Bc4 e6 10. d3 d5 11. Bb3 O-O 12. Nd2 Qc7 13. O-O Nh5 14. Bxg7 Nxg7 15.
e4 f5 16. Rae1 Rae8 17. e5 Kh8 18. g4 Rg8 19. Kh2 Qd8 20. Qg3 Re7 21. Nf3 Ne8
22. Ng5 h6 23. Qh4 Rh7 24. Nf7+ Rxf7 25. Qxd8 g5 26. gxf5 Nb6 27. fxe6 Rc7 28.
fxg5 hxg5 29. Rf7 Rc8 30. Qe7 1-0

[Event "Toronto op"]
[Site "Toronto CAN"]
[Date "1974.04.14"]
[Round "6"]
[White "Maklary, Z."]
[Black "Brodie, Hugh"]
[Result "1/2-1/2"]
[WhiteElo "1700"]
[BlackElo "1800"]
[PlyCount "51"]
[EventDate "1974.04.12"]
[EventType "swiss"]
[EventRounds "6"]
[EventCountry "CAN"]

1. e4 c5 2. Nf3 Nc6 3. d4 cxd4 4. Nxd4 g6 5. Nf3 Bg7 6. Nc3 d6 7. Bb5 Qa5 8.
Bd2 Bd7 9. O-O Nf6 10. Bxc6 bxc6 11. Nd5 Qd8 12. Nxf6+ Bxf6 13. Rb1 O-O 14. c4
Rb8 15. Qc2 Bg4 16. Bh6 Re8 17. Nd2 Qa5 18. h3 Bd7 19. b3 Rb6 20. Be3 Ra6 21.
a4 Rb8 22. Nf3 c5 23. Bd2 Qc7 24. Bc3 Bxc3 25. Qxc3 Rab6 26. Nd2 1/2-1/2

[Event "Montreal-Tch"]
[Site "Montreal CAN"]
[Date "1974.02.26"]
[Round "1"]
[White "Brodie, Hugh"]
[Black "Glen, Graham"]
[Result "0-1"]
[WhiteElo "1800"]
[BlackElo "1800"]
[PlyCount "110"]
[EventDate "1974.02.26"]
[EventType "team"]
[EventRounds "4"]
[EventCountry "CAN"]

1. f4 e6 2. e3 b6 3. b3 Bb7 4. Nf3 Nf6 5. Bb2 Be7 6. Bd3 Na6 7. Nc3 Nc5 8. O-O
O-O 9. Ne2 Nxd3 10. cxd3 Ba6 11. Qc2 Rc8 12. Rac1 c5 13. Ng3 d6 14. Rfe1 Nd5
15. a3 Bf6 16. Bxf6 Qxf6 17. Ne4 Qe7 18. Neg5 h6 19. Nh3 Qd7 20. e4 Ne7 21. Qb1
f5 22. d4 c4 23. bxc4 Rxc4 24. Rxc4 Bxc4 25. d3 Ba6 26. Qb3 d5 27. exd5 Nxd5
28. Ne5 Qd6 29. Qb2 Rc8 30. Rc1 Rxc1+ 31. Qxc1 Qc7 32. Qe1 Qc3 33. Qxc3 Nxc3
34. Kf2 Nb5 35. Ke3 Nxa3 36. Nc6 Bb7 37. Nxa7 Bxg2 38. Nf2 Nc2+ 39. Ke2 Nxd4+
40. Ke3 Nc2+ 41. Kd2 Nb4 42. Ke3 Kf7 43. Nc8 Nd5+ 44. Kd4 Nxf4 45. Nxb6 Bf1 46.
Nc4 Bg2 47. Nd1 Bd5 48. Nd2 Kf6 49. Ke3 g5 50. Nb2 Ng6 51. Kf2 Ke5 52. Ke3 f4+
53. Kf2 g4 54. Nf1 Kd4 55. Ke2 Ne5 0-1

[Event "Montreal-Tch"]
[Site "Montreal CAN"]
[Date "1974.03.05"]
[Round "2"]
[White "Brodie, Hugh"]
[Black "Pregent, Guy"]
[Result "1/2-1/2"]
[WhiteElo "1800"]
[BlackElo "1700"]
[PlyCount "84"]
[EventDate "1974.02.26"]
[EventType "team"]
[EventRounds "4"]
[EventCountry "CAN"]

1. f4 g6 2. Nf3 Bg7 3. e3 d5 4. Nc3 Nf6 5. b3 O-O 6. Bb2 c5 7. Be2 Nc6 8. O-O
b6 9. a3 Bb7 10. Qe1 d4 11. Nd1 Qd6 12. Qh4 Rfd8 13. exd4 Nxd4 14. Nxd4 cxd4
15. Nf2 Rac8 16. c4 dxc3 17. Bxc3 Bd5 18. b4 Bc4 19. Rae1 Rd7 20. Ng4 Bxe2 21.
Rxe2 Nxg4 22. Bxg7 Kxg7 23. Qxg4 Rc2 24. f5 Rxd2 25. fxg6 hxg6 26. Qf3 Qd4+ 27.
Kh1 Rxe2 28. Qxf7+ Kh6 29. Qf8+ Qg7 30. Qf3 Qe5 31. Qh3+ Kg7 32. Qxd7 Qe4 33.
Qh3 Re3 34. Qc8 Kh7 35. Rf7+ Kh6 36. Qc1 g5 37. Rf1 Re2 38. Rg1 Kg6 39. Qc8 Re1
40. h3 Rxg1+ 41. Kxg1 Qe1+ 42. Kh2 Qe5+ 1/2-1/2

[Event "Montreal-Tch"]
[Site "Montreal CAN"]
[Date "1974.03.14"]
[Round "3"]
[White "Brodie, Hugh"]
[Black "Soskic, Radmilo"]
[Result "1/2-1/2"]
[WhiteElo "1800"]
[BlackElo "1850"]
[PlyCount "86"]
[EventDate "1974.02.26"]
[EventType "team"]
[EventRounds "4"]
[EventCountry "CAN"]

1. f4 c5 2. b3 d5 3. e3 Nf6 4. Bb2 Bg4 5. Nf3 e6 6. Bb5+ Nbd7 7. O-O Be7 8. Qe1
Bxf3 9. Rxf3 Qb6 10. Bxd7+ Kxd7 11. f5 Raf8 12. d3 Bd6 13. e4 dxe4 14. dxe4 Ng4
15. Bxg7 Bxh2+ 16. Kh1 Be5 17. Bxh8 Bxh8 18. c3 Qc7 19. Qd2+ Bd4 20. Qf4 Qxf4
21. Rxf4 Nf2+ 22. Rxf2 Bxf2 23. Nd2 Rd8 24. Kh2 Ke7 25. Nf3 Rd3 26. Rc1 Be3 27.
Rc2 Bf4+ 28. Kh3 Re3 29. fxe6 fxe6 30. e5 Bxe5 31. c4 Bf4 32. Kg4 Re4 33. Kh3
Re3 34. Kg4 Bc7 35. Kg5 Re4 36. Kh6 Rg4 37. Kxh7 Bf4 38. Re2 Kf7 39. Rf2 Rg7+
40. Kh8 Rg8+ 41. Kh7 Rg7+ 42. Kh8 Rg8+ 43. Kh7 Rg7+ 1/2-1/2